Neuronal Stochastic Variability: Influences on Spiking Dynamics and Network Activity (Record no. 25379)
[ view plain ]
| 000 -LEADER | |
|---|---|
| fixed length control field | 00648nam a2200133Ia 4500 |
| 008 - FIXED-LENGTH DATA ELEMENTS--GENERAL INFORMATION | |
| fixed length control field | 220620s9999||||xx |||||||||||||| ||und|| |
| 022 ## - INTERNATIONAL STANDARD SERIAL NUMBER | |
| International Standard Serial Number | 16648714 |
| 100 ## - MAIN ENTRY--PERSONAL NAME | |
| Personal name | Benjamin Lindner||Joshua H. Goldwyn||Mark D. McDonnell |
| 245 #0 - TITLE STATEMENT | |
| Title | Neuronal Stochastic Variability: Influences on Spiking Dynamics and Network Activity |
| 546 ## - LANGUAGE NOTE | |
| Language note | English[eng] |
| 650 ## - SUBJECT ADDED ENTRY--TOPICAL TERM | |
| Topical term or geographic name entry element | Balanced network||Hodgkin-Huxley model||neuronal variability||Channel noise||neural networks||heterogeneity||stochastic dynamics |
| 856 ## - ELECTRONIC LOCATION AND ACCESS | |
| Uniform Resource Identifier | <a href="http://journal.frontiersin.org/researchtopic/1936/neuronal-stochastic-variability-influences-on-spiking-dynamics-and-network-activity">http://journal.frontiersin.org/researchtopic/1936/neuronal-stochastic-variability-influences-on-spiking-dynamics-and-network-activity</a> |
| 942 ## - ADDED ENTRY ELEMENTS (KOHA) | |
| Koha item type | E-Books |
| Withdrawn status | Lost status | Damaged status | Not for loan | Home library | Current library | Date acquired | Total Checkouts | Date last seen | Price effective from | Koha item type |
|---|---|---|---|---|---|---|---|---|---|---|
| Kerala University of Digital Sciences, Innovation and Technology Knowledge Centre | Kerala University of Digital Sciences, Innovation and Technology Knowledge Centre | 20/06/2022 | 20/06/2022 | 20/06/2022 | E-Books |